000 00562nam a2200193Ia 4500
003 GCL
008 140319s9999 xx 000 0 ara d
040 _aGCL /
_cGCL
082 0 4 _a371.1
_bب ت
100 1 _aبونبوار أنا
245 1 0 _aالتربية المستقبلية /
_cبونبوار أنا
700 1 _aموريس شربل (مترجم)
260 _a[S.N] :
_bمنشورات عويدان ،
_c1983
490 _a
650 0 4 _aالتعليم
650 0 4 _aالتربية
650 0 4 _aعلم النفس التربوى
942 _2ddc
_cBK
999 _c36230
_d36230